Macroeconomics : an introduction / Alex M. Thomas (Record no. 22125)

000 -LEADER
fixed length control field 00609nam a22001697a 4500
020 ## - INTERNATIONAL STANDARD BOOK NUMBER
ISBN 9781108486941 (hardback)
082 ## - DEWEY DECIMAL CLASSIFICATION NUMBER
Classification number 339
Item number T454 2021
100 ## - MAIN ENTRY--AUTHOR NAME
Personal name Thomas, Alex M, author.
245 ## - TITLE STATEMENT
Title Macroeconomics : an introduction / Alex M. Thomas
260 ## - PUBLICATION, DISTRIBUTION, ETC. (IMPRINT)
Place of publication Cambridge, United Kingdom ; New York :
Name of publisher Cambridge University Press,
Year of publication c2021.
300 ## - PHYSICAL DESCRIPTION
Number of Pages 1 online resource, xx, 234 pages :
Other physical details illustrations.
500 ## - GENERAL NOTE
General note Includes bibliographical references and index.
650 ## - SUBJECT ADDED ENTRY--TOPICAL TERM
Topical Term Microeconomics.
700 ## - ADDED ENTRY--PERSONAL NAME
Personal name Subramanyam, Sahana, illustrator.
856 ## - ELECTRONIC LOCATION AND ACCESS
Uniform Resource Identifier https://lccn.loc.gov/2021005356
942 ## - ADDED ENTRY ELEMENTS (KOHA)
Koha item type Electronic Books
Holdings
Permanent Location Date acquired Collection code Koha item type Lost status Shelving location Current Location Withdrawn status Full call number
Cagayan State University - Carig Library2026-04-16E-BooksBooks E-Resource SectionCagayan State University - Carig Library 339 T454 2021

Cagayan State University University Library, Carig Campus
Tuguegarao City, Cagayan 3500 | www.csucarig.edu.ph

Powered by Koha